00796nam a2200313Ia 4500008004100000020001800041050001100059050001400070100001900084245003900103245003400142250001800176260001800194260001700212260000900229300002100238300002000259300001000279500002000289650002400309650001800333650002200351650001600373650001600389650003000405700001700435700001100452999001900463170711s9999 xx 000 0 und d a9780071288774 a338.04 bD278 2010 aDeakins, David aEntrepreneurship and small firms / cDavid Deakins and Mark Freel. aFifth edition aPhilippines : bMcGraw Hill, c2010 axix, 332 pages : billustrations ; c25cm. aIncludes index. aEntrepreneurship -- aProduction -- aSmall business -- xManagement. xManagement. xNew business enterprices. aFreel, Mark. aTitle. c339653d339653